| 000 | 00900nas a2200277 4500 | ||
|---|---|---|---|
| 001 | BR6008562 | ||
| 003 | BR-BrBNA | ||
| 005 | 20231205082107.0 | ||
| 007 | ta | ||
| 008 | 230509b bl.|||p| |||| 00| 00por d | ||
| 040 |
_aBR-BrBNA _bpor _cBiblioteca Nacional de Agricultura |
||
| 041 | _a(Pt) | ||
| 072 | _aF30 | ||
| 100 | 1 | _aPossomai, J.C. | |
| 100 | 1 | _aCarvalho, F.I.F. | |
| 111 | 1 |
_a28. Reuniao Anual da Sociedade Brasileira para o Progresso da Ciencia _cBrasilia, DF (Brazil) _d7 Jul 1976 |
|
| 245 | 1 | _aEstudo de macro e micromutacao em populacoes selecionadas do genotipo de trigo IAS 20 irradiado | |
| 650 | _aGENETICA ANIMAL | ||
| 650 | _aTRIGO | ||
| 650 | _aGENOTIPO | ||
| 650 | _aVARIEDADE | ||
| 650 | _aMUTACAO | ||
| 773 | 0 |
_tCiencia e Cultura (Brazil) _xISSN 0009-6725 _g(Jul 1976), v. 28(suppl. 7) _wBR6008562 |
|
| 909 |
_a202311 _bLúcia _c55 _dLúcia Elande |
||
| 942 |
_2AGRIS _n0 _cANA |
||
| 999 |
_c89111 _d89111 |
||